=LDR 00000nam 2200000 4500 =001 INLIS000000000032221 =005 20200513092732 =035 ##$$a 0010-061300000032221 =008 200513################g##########0#ind## =041 ##$$a ind =082 ##$$a 2x4.1 =090 ##$$a 2x4.1, Nak h =100 ##$$a Nakhrawie, Asrifin An =245 1#$$a Hikmah dibalik sajadah : $b Hikmah dan keutamaan dibalik perintah shalat /$c Asrifin An-Nakhrawie, S. Ag. =260 ##$$a Surabaya :$b ikhtiar Surabaya,$c 2007 =300 ##$$a 144 Hlm ; $c 21 cm =650 #4$$a Hikmah Shalat =850 ##$$a Ibadah Shalat =020 ##$$a 978-979-1592475 =084 ##$$a 2x4.1 Nak h =990 ##$$a 21001638 =990 ##$$a 21001640 =990 ##$$a 21001639 =990 ##$$a 21001637